000 00563nam a2200217 a 4500
001 0001-2588
003 ELIB.Books
008 200106 2010 eng
020 _a9781400205196
092 _a268
_bTur
100 _aTuransky, Scott.
245 _aThe Christian Parenting Handbook
260 _aNashville
_bThomas Nelson
_c2013
300 _a219
_c20.7 Cm
650 _aChristian Education
856 _nKBTS Library
_uKBTS Elib
942 _2ddc
_cBK
990 _a2
998 _aEnglishbooks.elf
_ccat
_e2020-01-06
999 _c12588
_d12588